00310nam a2200121Ia 4500008004100000020002200041041000800063082002200071100002100093245002900114260003600143300000900179230411s9999 xx 000 0 und d a978-81-8448-714-5 aeng aEC/330/BAS/B06122 aBasavaiah Harish aNursing Health Economics bJaypee BrothersaSt Louisc2009 a166p